Multiplikatívne funkcie v teórii čísel

Salvato in:
Dettagli Bibliografici
Autore principale: Štofaniková, Katarína (Autore)
Altri autori: Čipková, Karla (Relatore della tesi)
Natura: Manoscritto Libro
Lingua:slovacco
Pubblicazione: Bratislava : STU v Bratislave STU, 2025
Soggetti:
Accesso online:https://opac.crzp.sk/?fn=detailBiblioFormChildQB9AL8&sid=BA75C2D62745AD5726EF979ED92F&seo=CRZP-detail-kniha
Tags: Aggiungi Tag
Nessun Tag, puoi essere il primo ad aggiungerne!!

MARC

LEADER 00000ntm a22000003a 4500
001 stuzp103870
003 SK-STU
005 20260127152707.6
007 ta
008 150427s2015----xo-----f-mn---000-0-slo-d
040 |a STU  |b slo 
041 0 |a slo 
044 |a xo 
100 1 |a Štofaniková, Katarína  |u 035000  |4 aut  |U FEI Fakulta elektrotechniky a informatiky  |T FEI Ústav informatiky a matematiky  |X 120491  |U E050  |Y 816  |7 120491 
242 0 1 |a Multiplicative Functions in Number Theory  |y eng 
245 1 0 |a Multiplikatívne funkcie v teórii čísel 
260 |a Bratislava :  |b STU v Bratislave STU,  |c 2025 
300 |a 77 s. 
650 4 |a Multiplikatívne funkcie  |2 slo 
650 4 |a Prvočíselný rozklad  |2 slo 
650 4 |a Základná veta aritmetiky  |2 slo 
650 4 |a Teória čísel  |2 slo 
650 4 |a Number theory  |2 eng 
650 4 |a Prime factorization  |2 eng 
650 4 |a Fundamental theorem of arithmetic  |2 eng 
650 4 |a Multiplicative functions  |2 eng 
700 1 |a Čipková, Karla  |u 035000  |k Z1  |4 ths  |U FEI Fakulta elektrotechniky a informatiky  |T FEI Ústav informatiky a matematiky  |X 2149  |U E050  |Y 816  |7 A000002149 
856 4 |u https://opac.crzp.sk/?fn=detailBiblioFormChildQB9AL8&sid=BA75C2D62745AD5726EF979ED92F&seo=CRZP-detail-kniha